000 00540nam a2200229Ia 4500
008 181129s9999 xx 000 0 und d
020 _a9780545178150
050 _bF196 2010
100 _aFalls, Kat
245 0 _aDark life /
245 0 _cby Kat Falls.
260 _aNew York, NY :
260 _bScholastic,
260 _c2010
300 _a297 pages :
300 _billustrations ;
300 _c19cm.
650 _aBrigands and robbers.
650 _aTalking books.
650 _aUndersea colonies.
700 _aTitle.
999 _c360277
_d360277